Organización política de España (Record no. 138632)

MARC details
000 -LEADER
campo de control de longitud fija 00748nam a2200181 4500
001 - NÚMERO DE CONTROL
campo de control 138632
003 - IDENTIFICADOR DE NÚMERO DE CONTROL
campo de control ES-MaACL
005 - FECHA Y HORA DE LA ÚLTIMA TRANSACCIÓN
campo de control 20230906195613.0
007 - CAMPO FIJO DE DESCRIPCIÓN FÍSICA--INFORMACIÓN GENERAL
campo de control de longitud fija t|
008 - DATOS DE LONGITUD FIJA--INFORMACIÓN GENERAL
campo de control de longitud fija 070214s1908 sp r ||||1| spa d
100 1# - ENTRADA PRINCIPAL--NOMBRE DE PERSONA
Nombre de persona Santander, Federico.
9 (RLIN) 103332
245 10 - MENCIÓN DEL TÍTULO
Título Organización política de España
Resto del título : (la teoría y la práctica) : discurso leído en el acto de recibir el grado de Doctor en Derecho... en la Universidad Central el día 28 de octubre de 1905 /
Mención de responsabilidad, etc. por Federico Santander Ruiz-Giménez.
260 ## - PUBLICACIÓN, DISTRIBUCIÓN, ETC.
Lugar de publicación, distribución, etc. Valladolid :
Nombre del editor, distribuidor, etc. [s. n.],
Fecha de publicación, distribución, etc. 1908 (
Fabricante Tip. del Colegio Santiago)
300 ## - DESCRIPCIÓN FÍSICA
Extensión 130 p. ;
Dimensiones 22 cm.
500 ## - NOTA GENERAL
Nota general Tesis doctoral.
710 2# - ENTRADA AGREGADA--NOMBRE DE ENTIDAD CORPORATIVA
Nombre de entidad corporativa o nombre de jurisdicción como elemento de entrada Universidad Central (Madrid).
Unidad subordinada Facultad de Derecho.
9 (RLIN) 7090
852 ## - LOCALIZACIÓN
Ubicación ES-MaACL
Número de control de estantería T-1125-F-1
Holdings
Estatus retirado Estado de pérdida Estado de daño No para préstamo Colección Biblioteca de origen Biblioteca actual Ubicación en estantería Fecha de adquisición Fuente de adquisición Total de préstamos Signatura topográfica completa Código de barras Visto por última vez Precio de reemplazo Tipo de ítem Koha
        Colección de folletos Biblioteca del Ateneo de Madrid Biblioteca del Ateneo de Madrid Depósito folletos 17/01/2008     T-1125-F-1 1144260 23/02/2023 23/02/2023 Folleto